000 00444cam a2200181ua 4500
020 _c2.50
041 _aeng
_h
082 _a425
_bOLI/RE
100 _aOliphant, Lancelot .
245 _aRevision course in English /
_cLancelot Oliphant.
_hTextual Documents
250 _a1 /
_b.
260 _aMumbai :
_bAsia Publishing House ,
_c1956.
300 _a175 ; .
365 _a2.50
504 _a
942 _cBK
999 _c8542
_d8542